000 00974cam a22003137a 4500
001 15070536
003 OSt
005 20160822175536.0
008 071105s2009 nyua 000 0 eng d
010 _a 2007940748
020 _a1418042293 (pbk.)
020 _a9781418042295 (pbk.)
035 _a(OCoLC)ocn223380114
040 _aZNT
_cZNT
_dBAKER
_dDLC
042 _alccopycat
050 0 0 _aTS227.2
_b.C425 2009
082 0 0 _aDC 671.520151
_22009
_bC38p
100 1 _aChasan, Robert.
245 1 0 _aPractical problems in mathematics for welders /
_cRobert Chasan.
250 _aFifth edition
260 _aClifton Park, N.Y. :
_bDelmar,
_cc2009.
300 _aix, 229 pages :
_billustrations ;
_c24 cm.
365 _b3,475.00
_cPhp
650 0 _aWelding
_xMathematics.
906 _a7
_bcbc
_ccopycat
_d2
_encip
_f20
_gy-gencatlg
942 _2ddc
_cDC
999 _c4007
_d4007